Softvérový sprievodca čerpaním finančných prostriedkov z fondov EÚ a z programov štátnej podpory SR

Guardado en:
Detalles Bibliográficos
Formato: Seriadas
Etiquetas: Agregar Etiqueta
Sin Etiquetas, Sea el primero en etiquetar este registro!

MARC

LEADER 00000nas a22000003a 4500
001 stu164930
005 20141123023111.4
008 080606s--------------------------------d
040 |a STU  |b slo 
041 0
245 |a Softvérový sprievodca čerpaním finančných prostriedkov z fondov EÚ a z programov štátnej podpory SR 
773 0 |t Softvérový sprievodca čerpaním finančných prostriedkov z fondov EÚ a z programov štátnej podpory SR :  |w stu_us_cat*stu97468  |x 1336-6300  |7 nnas 
996 |b 284M067815  |c M*CD-1268  |d máj 2008  |v máj 2008  |l MMKN  |s A  |a 24  |w stu164930_0001